• 首页
  • 本馆介绍
  • 公告通知
  • 最新文献
  • 馆藏检索
  • 电子资源
  • 读者导购
  • 参考咨询
  • 我的图书馆
  • 登录
  • 详细信息显示
  • 放入我的书架
  • 预约/预借图书
  • 作者相关作品
  • 分类相关作品
  • 丛书相关作品
  • 出版社相关作品

书目信息

  • 表格格式
  • 工作单格式
  • 卡片格式
题名:
李鸿章全集
    
 
作者: 栾兆鹏 主编
分册: 第一册   卷首,奏稿
出版信息: 上海   上海译文出版社  1998.07
页数: 628页
开本: 20cm
丛书名:
单 册:
中图分类: K252.06
科图分类:
主题词: 中国--历史--1840~1949
电子资源:
ISBN: 7-5327-1270-2
000 00799nam0 2200229 45
001 0201271082
005 20031219104053.1
010    @a7-5327-1270-2@dCNY368.00
100    @a20020127d1998 km y0chiy0120 ea
101 0  @achi
105    @aac z 000yy
200 1  @a李鸿章全集@ALi Hong Zhang Quan Ji@e校点、横排、简化字本@h第一册@i卷首,奏稿@EXiao Dian、Heng Pai、Jian Hua Zi Ben@f栾兆鹏主编@FLuan Zhao Peng Zhu Bian
210    @a上海@c上海译文出版社@d1998.07
215    @a628页@c肖像,照片@d20cm
517    @a校点、横排、简化字本@AXiao Dian、Heng Pai、Jian Hua Zi Ben
517    @a卷首,奏稿@AJuan Shou,Zou Gao
600  0 @a李鸿章
606 0  @a中国@x历史@z1840~1949
690    @aK252.06@v4
701  0 @a栾兆鹏@4主编
801    @aCN@bTSTC@c20020127
905    @b305768-769@dK252.06@e17:1@f2
    
    李鸿章全集:校点、横排、简化字本.第一册.卷首,奏稿/栾兆鹏主编.-上海:上海译文出版社,1998.07
    628页:肖像,照片;20cm
    
    
    ISBN 7-5327-1270-2:CNY368.00
    
●
相关链接 在E读中查询图书 在五车中查询图书 在当当中查询图书 在豆瓣中查询图书


正题名:李鸿章全集     索取号:K252.06/17:1         预约/预借

序号 登录号 条形码 馆藏地/架位号 状态 备注
1 0305768   203057681   第二借阅区/ [索取号:K252.06/17:1] 在馆    
2 0305769   203057690   第二样本阅览室/ [索取号:K252.06/17:1] 在馆    
唐山师范学院图书馆 欢迎您!
大连网信软件有限公司© 版权所有